The noble scholar, jurist, historian


 His Excellency Dr. Abdul Wahhab bin Ibrahim Abu Sulaiman, may Allah have mercy on him.


 He was born in Umm Al-Qura in the year 1356 AH.

استخدام المكتبات : (Record no. 13636)

MARC details
000 -LEADER
fixed length control field 01749cam a22003731i 4500
003 - CONTROL NUMBER IDENTIFIER
control field SA-RiAUC
005 - DATE AND TIME OF LATEST TRANSACTION
control field 20251222130151.0
008 - FIXED-LENGTH DATA ELEMENTS--GENERAL INFORMATION
fixed length control field 251201s1992 su a g b f00000 ara c
040 ## - CATALOGING SOURCE
Original cataloging agency SA-EnSBSSC
Language of cataloging ara
Transcribing agency SA-RiAUC
Description conventions rda
041 1# - LANGUAGE CODE
Language code of text/sound track or separate title ara
Language code of original und
050 #4 - LIBRARY OF CONGRESS CALL NUMBER
Item number .F67125 1992
050 #4 - LIBRARY OF CONGRESS CALL NUMBER
Item number .F6 1992
050 #4 - LIBRARY OF CONGRESS CALL NUMBER
Item number .F67 1992
082 04 - DEWEY DECIMAL CLASSIFICATION NUMBER
Classification number 025.5
Assigning agency SA-RiAUC
090 ## - LOCALLY ASSIGNED LC-TYPE CALL NUMBER (OCLC); LOCAL CALL NUMBER (RLIN)
Classification number (OCLC) (R) ; Classification number, CALL (RLIN) (NR) 025.5
Local cutter number (OCLC) ; Book number/undivided call number, CALL (RLIN) ف و ر
100 1# - MAIN ENTRY--PERSONAL NAME
Personal name فورد، جيفري،
Dates associated with a name 1942-
Relator term مؤلف.
240 10 - UNIFORM TITLE
Uniform title Review of methods employed in determining the use of library stock.
Language of a work Arabic
245 10 - TITLE STATEMENT
Title استخدام المكتبات :
Remainder of title عرض للأساليب المتبعة في التعرف على حجم استخدام أرصدة المكتبات /
Statement of responsibility, etc. تأليف جيفري فورد ؛ ترجمة محمد خلف الميموني.
250 ## - EDITION STATEMENT
Edition statement الطبعة الأولى.
264 #1 - PRODUCTION, PUBLICATION, DISTRIBUTION, MANUFACTURE, AND COPYRIGHT NOTICE
Place of production, publication, distribution, manufacture الرياض :
Name of producer, publisher, distributor, manufacturer مكتبة الملك فهد الوطنية،
Date of production, publication, distribution, manufacture, or copyright notice 1992
300 ## - PHYSICAL DESCRIPTION
Extent 132 صفحة :
Other physical details إيضاحيات، جداول ؛
Dimensions 24 سم.
336 ## - CONTENT TYPE
Content type term نص
Content type code txt
Source rdacontent
Materials specified كتاب
337 ## - MEDIA TYPE
Media type term بدون وسيط
Media type code n
Source rdamedia
338 ## - CARRIER TYPE
Carrier type term مجلد
Carrier type code nc
Source rdacarrier
490 1# - SERIES STATEMENT
Series statement مطبوعات مكتبة الملك فهد الوطنية ؛
Volume/sequential designation السلسلة الثانية ؛
-- 9
504 ## - BIBLIOGRAPHY, ETC. NOTE
Bibliography, etc. note ببليوجرافية : صفحة 96-108.
650 #7 - SUBJECT ADDED ENTRY--TOPICAL TERM
Topical term or geographic name entry element الخدمة المكتبية
Source of heading or term aucsh
650 #7 - SUBJECT ADDED ENTRY--TOPICAL TERM
Topical term or geographic name entry element إدارة المكتبات
Source of heading or term aucsh
650 #7 - SUBJECT ADDED ENTRY--TOPICAL TERM
Topical term or geographic name entry element المكتبات والقراء
Source of heading or term aucsh
700 1# - ADDED ENTRY--PERSONAL NAME
Personal name الميموني، محمد خلف محمد،
Dates associated with a name 1369 هجري-
Relator term مترجم.
830 #0 - SERIES ADDED ENTRY--UNIFORM TITLE
Uniform title مطبوعات مكتبة الملك فهد الوطنية.
Number of part/section of a work السلسلة الثانية
Volume/sequential designation 9
942 ## - ADDED ENTRY ELEMENTS (KOHA)
Source of classification or shelving scheme Dewey Decimal Classification
Koha item type Books
Suppress in OPAC No
949 ## - LOCAL PROCESSING INFORMATION (OCLC)
a SA-JeALM
d 251201
u mohamedma123
n 1
Holdings
Withdrawn status Lost status Source of classification or shelving scheme Damaged status Not for loan Home library Current library Date acquired Total checkouts Full call number Barcode Date last seen Price effective from Koha item type
    Dewey Decimal Classification     DR AbdElwahab Library DR AbdElwahab Library 12/22/2025   025.5 ف و ر 000021868 12/22/2025 12/22/2025 Books